ইসলাম ও জাহেলিয়াতের চিরন্তন দ্বন্দ / (Record no. 44126)
[ view plain ]
| 000 -LEADER | |
|---|---|
| fixed length control field | 00825nam a22002297a 4500 |
| 001 - CONTROL NUMBER | |
| control field | 44126 |
| 003 - CONTROL NUMBER IDENTIFIER | |
| rucl marc code | BD-RjUL |
| 005 - DATE AND TIME OF LATEST TRANSACTION | |
| control field | 20211209053814.0 |
| 008 - FIXED-LENGTH DATA ELEMENTS--GENERAL INFORMATION | |
| fixed length control field | 160713s1991 bg ||||| |||| 00| 0 ben d |
| 020 ## - INTERNATIONAL STANDARD BOOK NUMBER | |
| Terms of availability | : TK 45.00 |
| 035 ## - SYSTEM CONTROL NUMBER | |
| System control number | (BD-RjUL)44244 |
| 040 ## - CATALOGING SOURCE | |
| Original cataloging agency | BD-RjUL |
| Language of cataloging | ben |
| Transcribing agency | BD-RjUL |
| 041 ## - LANGUAGE CODE | |
| Language code of text/sound track or separate title | ben |
| 082 ## - DEWEY DECIMAL CLASSIFICATION NUMBER | |
| Edition number | 23 |
| Classification number | 297 |
| Author mark and year | KHI 1991 |
| 100 ## - MAIN ENTRY--PERSONAL NAME | |
| Personal name | খান, আব্বাস আলী |
| 9 (RLIN) | 135482 |
| 245 10 - TITLE STATEMENT | |
| Title | ইসলাম ও জাহেলিয়াতের চিরন্তন দ্বন্দ / |
| Statement of responsibility, etc. | আব্বাস আলী খান |
| 260 ## - PUBLICATION, DISTRIBUTION, ETC. (IMPRINT) | |
| Place of publication, distribution, etc. | ঢাকা : |
| Name of publisher, distributor, etc. | বাংলাদেশ ইসলামিক সেন্টার, |
| Date of publication, distribution, etc. | ১৯৯১ |
| 300 ## - PHYSICAL DESCRIPTION | |
| Pagination | ৯৬ পৃ. ; |
| Size | ২৫ সেমি. |
| 650 ## - SUBJECT ADDED ENTRY--TOPICAL TERM | |
| Topical term or geographic name as entry element | Islam |
| 9 (RLIN) | 135483 |
| Topical term or geographic name as entry element | ইসলাম |
| 9 (RLIN) | 135484 |
| 942 ## - ADDED ENTRY ELEMENTS (KOHA) | |
| Source of classification or shelving scheme | Dewey Decimal Classification |
| Koha item type | Books |
| Lost status | Source of classification or shelving scheme | Damaged status | Not for loan | Collection code | Permanent Location | Current Location | Shelving location | Date acquired | Source of acquisition | Total Checkouts | Full call number | Date last seen | Copy number | Koha item type |
|---|---|---|---|---|---|---|---|---|---|---|---|---|---|---|
| Dewey Decimal Classification | Non-fiction | Central Library, University of Rajshahi | Central Library, University of Rajshahi | 05/08/1997 | Islamic Foundetion, Dhaka | B 297 KHI 1991 | 13/07/2016 | C-2 | Books |